Statistiken für Größte Städte Österreichs ohne Fernzügebahnhof

Klicken Sie hier um das Quiz zu spielen!

Allgemein

  • Dieses Quiz wurde 28 mal gespielt
  • Das Durchschnittsergebnis liegt bei 14 aus 20

Antwortstatistiken

Einwohner#Stadt% Korrekt
37.952Steyr
95%
25.031KTWolfsberg
95%
24.876Krems an der Donau
91%
25.817Baden
86%
28.938Leonding
86%
14.895BGEisenstadt
82%
27.588Klosterneuburg
82%
20.559Mödling
77%
24.828Traun
77%
17.438Braunau am Inn
68%
23.476VOLustenau
68%
16.380Tulln an der Donau
68%
17.443Ansfelden
64%
14.289KTFeldkirchen in Kärnten
64%
16.789Stockerau
64%
18.774Traiskirchen
64%
20.375Schwechat
55%
14.334Marchtrenk
50%
14.640Ternitz
50%
14.978Perchtoldsdorf
45%

Verteilung der Resultate

Perzentil nach korrekt beantworteten Fragen

Anzahl Personen mit jedem Resultat

Ihre Resultats-Entwicklung

Sie haben dieses Quiz noch nicht gespielt